000 00561pam a2200205 a 4500
001 1896552
005 20180214034408.0
008 840711s1984 nyu 001 0 eng
010 _a 84015909
020 _a0671502662
040 _aDLC
_cDLC
_dDLC
041 _aeng
080 _a658.409
082 0 0 _a658.409 MAZ
_219
100 1 _a54
101 _aLID
245 1 0 _aMoving up :
_cGeorge Mazzei.
906 _a7
_bcbc
_corignew
_d1
_eocip
_f19
_gy-gencatlg
942 _2ddc
_cBK
999 _c42460
_d42460